Statistics for Üçlü Gruplar

Click here to take the quiz!

General Stats

  • This quiz has been taken 309 times
  • The average score is 17 of 27

Answer Stats

GrupCevap% Correct
Türkiye'nin En Kalabalık Kentleriİstanbul
93%
Türkiye'nin En Kalabalık KentleriAnkara
92%
Üç Büyükler (Spor Takımı)Beşiktaş
92%
Üç Büyükler (Spor Takımı)Fenerbahçe
92%
Üç Büyükler (Spor Takımı)Galatasaray
92%
Türkiye'nin En Kalabalık Kentleriİzmir
92%
Adı "Güney" ile Başlayan ÜlkelerGüney Afrika
87%
Adı "Ç" ile Başlayan ÜlkelerÇin
77%
Adı "Güney" ile Başlayan ÜlkelerGüney Kore
77%
İstanbul Boğazı KöprüleriFatih Sultan Mehmet
76%
MFÖ ÜyeleriÖzkan
76%
MFÖ ÜyeleriFuat
75%
Adı "Ç" ile Başlayan ÜlkelerÇek Cumhuriyeti
74%
Adı "Ç" ile Başlayan ÜlkelerÇad
72%
MFÖ ÜyeleriMazhar
72%
Adı "Güney" ile Başlayan ÜlkelerGüney Sudan
67%
İstanbul Boğazı Köprüleri15 Temmuz Şehitler
63%
İbrahimî DinlerYahudilik
61%
İstanbul Boğazı KöprüleriYavuz Sultan Selim
59%
İbrahimî DinlerHristiyanlık
58%
Üç PaşalarEnver
45%
Üç PaşalarTalat
36%
İbrahimî Dinlerİslamiyet
34%
Güney Afrika'nın BaşkentleriCape Town
33%
Üç PaşalarCemal
31%
Güney Afrika'nın BaşkentleriPretorya
11%
Güney Afrika'nın BaşkentleriBloemfontein
7%

Score Distribution

Percentile by Number Answered

Percent of People with Each Score

Your Score History

You have not taken this quiz